How to write reports & proposals / (Record no. 531676)

000 -LEADER
fixed length control field 00844cam a22002534a 4500
001 - CONTROL NUMBER
control field 14190326
005 - DATE AND TIME OF LATEST TRANSACTION
control field 20191023115819.0
008 - FIXED-LENGTH DATA ELEMENTS--GENERAL INFORMATION
fixed length control field 051206s2006 enka 000 0 eng
010 ## - LIBRARY OF CONGRESS CONTROL NUMBER
LC control number 2005035463
020 ## - INTERNATIONAL STANDARD BOOK NUMBER
International Standard Book Number 0749445521
040 ## - CATALOGING SOURCE
Transcribing agency DLC
082 00 - DEWEY DECIMAL CLASSIFICATION NUMBER
Classification number 808.06665
Author Mark FOR
100 1# - MAIN ENTRY--PERSONAL NAME
Personal name Forsyth, Patrick.
9 (RLIN) 11519
245 10 - TITLE STATEMENT
Title How to write reports & proposals /
Statement of responsibility, etc. Patrick Forsyth.
246 3# - VARYING FORM OF TITLE
Title proper/short title How to write reports and proposals
260 ## - PUBLICATION, DISTRIBUTION, ETC.
Place of publication, distribution, etc. London ;
-- Philadelphia :
Name of publisher, distributor, etc. Kogan Page Limited,
Date of publication, distribution, etc. 2006.
300 ## - PHYSICAL DESCRIPTION
Extent vi, 118 p. :
Other physical details ill. ;
Dimensions 22 cm.
440 #0 - SERIES STATEMENT/ADDED ENTRY--TITLE
Title Creating success
9 (RLIN) 11523
500 ## - GENERAL NOTE
General note "First edition 2003, published as, Powerful reports and proposals."-T.p. verso.
650 #0 - SUBJECT ADDED ENTRY--TOPICAL TERM
Topical term or geographic name entry element Business report writing.
9 (RLIN) 11520
650 #0 - SUBJECT ADDED ENTRY--TOPICAL TERM
Topical term or geographic name entry element Proposal writing in business.
9 (RLIN) 11521
650 #0 - SUBJECT ADDED ENTRY--TOPICAL TERM
Topical term or geographic name entry element Business writing.
9 (RLIN) 11500
942 ## - ADDED ENTRY ELEMENTS (KOHA)
Source of classification or shelving scheme
Koha item type Book
Holdings
Withdrawn status Lost status Source of classification or shelving scheme Damaged status Not for loan Permanent Location Current Location Date acquired Total Checkouts Full call number Barcode Checked out Date last seen Date last checked out Price effective from Koha item type
          School of Civil and Environmental Engineering (SCEE) School of Civil and Environmental Engineering (SCEE) 10/23/2019 1 808.06665 FOR NIT-8874 12/04/2019 10/23/2019 10/23/2019 10/23/2019 Book
© 2023 Central Library, National University of Sciences and Technology. All Rights Reserved.